Statistiche per Stagioni consecutive con almeno un Podio in Formula 1

Clicka qui per fare il quiz!

Statistiche generali

  • Questo quiz è stato fatto 2 volte
  • Il punteggio medio è 9 su 10

Statistiche sulle risposte

NazioneStagioni consecutive a podioPrima stagione a podioUltima stagione a podioPilota% Corretto
Francia1119811991Alain Prost
100%
Brasile1019841993Ayrton Senna
100%
Spagna1220032014Fernando Alonso
100%
Regno Unito1720072023Lewis Hamilton
100%
Germania1519922006Michael Schumacher
100%
Regno1219811992Nigel Mansell
100%
Germania1019972006Ralf Schumacher
100%
Germania1420082021Sebastian Vettel
100%
Austria1219861997Gerhard Berger
50%
Regno Unito1019942003David Coulthard
0%

Distribuzione punteggi

Percentile per numero di risposta

Percentuale di utenti per punteggio

I tuoi punteggi nel tempo

Non hai fatto questo quiz